Pensamiento y acción de Hugo Guiliani Cury (Record no. 9735)
[ view plain ]
| 000 -LEADER | |
|---|---|
| campo de control de longitud fija | 00424nam a2200157Ia 4500 |
| 001 - NÚMERO DE CONTROL | |
| campo de control | 1008 |
| 008 - DATOS DE LONGITUD FIJA--INFORMACIÓN GENERAL | |
| campo de control de longitud fija | 241024s9999 xx 000 0 und d |
| 020 ## - NÚMERO INTERNACIONAL ESTÁNDAR DEL LIBRO | |
| Número Internacional Estándar del Libro | 978-9945-443-13-4 |
| 082 ## - NÚMERO DE LA CLASIFICACIÓN DECIMAL DEWEY | |
| Número de clasificación | RD/330/G953p |
| 100 ## - ENTRADA PRINCIPAL--NOMBRE DE PERSONA | |
| Nombre de persona | Hugo Guiliani Cury |
| 245 #0 - MENCIÓN DEL TÍTULO | |
| Título | Pensamiento y acción de Hugo Guiliani Cury |
| 260 ## - PUBLICACIÓN, DISTRIBUCIÓN, ETC. | |
| Nombre del editor, distribuidor, etc. | Banco Central de la República Dominicana |
| Fecha de publicación, distribución, etc. | 2008 |
| 590 ## - NOTA LOCAL (RLIN) | |
| Nota local | si |
| 901 ## - ELEMENTOS DE DATOS A LOCAL LDA (RLIN) | |
| a | 22/12/2010 2:39:45 p.m. |
No items available.